[Event "Predeal op"]
[Site "Predeal"]
[Date "2006.08.13"]
[Round "2"]
[White "Raceanu, Valentin"]
[Black "Grigore, George Gabriel"]
[Result "1/2-1/2"]
[WhiteElo "2398"]
[BlackElo "2472"]
[PlyCount "92"]
[EventDate "2006.08.12"]
[EventType "swiss"]
[EventRounds "9"]
[EventCountry "ROU"]
[SourceTitle "CBM 113 Extra"]
[Source "ChessBase"]
[SourceDate "2006.09.14"]
[SourceVersion "1"]
[SourceVersionDate "2006.09.14"]
[SourceQuality "1"]

1. d4 Nf6 2. c4 g6 3. Nc3 Bg7 4. e4 d6 5. f3 0-0 6. Nge2 a6 7. Be3 c6 8. c5 d5 9. e5 Ne8 10. Ng3 f6 11. f4 b6 12. cxb6 Nd7 13. Be2 Nxb6 14. 0-0 Nc7 15. Na4 Nxa4 16. Qxa4 Bd7 17. Qc2 Qb8 18. Bd3 e6 19. Ne2 Qa7 20. Qd2 a5 21. Nc3 fxe5 22. fxe5 c5 23. dxc5 Bxe5 24. Bc2 Bc6 25. Bd4 Bxd4+ 26. Qxd4 Na6 27. Ba4 Bxa4 28. Nxa4 Qg7 29. Qd2 Nb4 30. Nb6 Rxf1+ 31. Rxf1 Rf8 32. Re1 Qe7 33. Qe3 e5 34. Rc1 d4 35. Qb3+ Kg7 36. a3 Qg5 37. Rd1 d3 38. Nc4 Qf4 39. h3 Qf2+ 40. Kh1 Nc2 41. Nxe5 Ne1 42. Qb7+ Kh8 43. Qd5 Qf1+ 44. Kh2 Qf4+ 45. Kh1 Qf1+ 46. Kh2 Qf4+ 1/2-1/2

[Event "Dia De Internet op"]
[Site "Playchess.com INT"]
[Date "2005.10.22"]
[Round "8"]
[White "Hayrapetyan, Arman"]
[Black "Raceanu, Valentin"]
[Result "1-0"]
[WhiteElo "2310"]
[BlackElo "2406"]
[PlyCount "77"]
[EventDate "2005.10.22"]
[EventType "swiss (blitz)"]
[EventRounds "13"]
[EventCountry "GER"]
[SourceTitle "EXT 2007"]
[Source "ChessBase"]
[SourceDate "2006.11.23"]
[SourceVersion "1"]
[SourceVersionDate "2006.11.23"]
[SourceQuality "1"]

1. e4 c5 2. Nf3 d6 3. d4 cxd4 4. Nxd4 Nf6 5. Nc3 Nc6 6. Bg5 e6 7. Qd2 a6 8. 0-0-0 Bd7 9. f4 b5 10. Nxc6 Bxc6 11. Bd3 Be7 12. Rhe1 b4 13. Bxf6 Bxf6 14. Nd5 Bxd5 15. exd5 0-0 16. dxe6 Qa5 17. Kb1 fxe6 18. Rxe6 Qc5 19. Rxd6 Kh8 20. Be4 Rae8 21. Bf3 a5 22. Rd5 Qb6 23. g4 g6 24. f5 g5 25. h4 gxh4 26. g5 Bg7 27. f6 Rxf6 28. gxf6 Qxf6 29. c4 bxc3 30. Qxc3 Qg6+ 31. Qd3 Qf6 32. Rb5 a4 33. a3 Rf8 34. Be4 h6 35. Qc2 Re8 36. Bf5 h3 37. Bxh3 Rf8 38. Rf1 Qe6 39. Rxf8+ 1-0

[Event "Dia De Internet op"]
[Site "Playchess.com INT"]
[Date "2005.10.22"]
[Round "4"]
[White "Philippe, Christophe"]
[Black "Raceanu, Valentin"]
[Result "0-1"]
[WhiteElo "2411"]
[BlackElo "2406"]
[PlyCount "69"]
[EventDate "2005.10.22"]
[EventType "swiss (blitz)"]
[EventRounds "13"]
[EventCountry "GER"]
[SourceTitle "EXT 2007"]
[Source "ChessBase"]
[SourceDate "2006.11.23"]
[SourceVersion "1"]
[SourceVersionDate "2006.11.23"]
[SourceQuality "1"]

1. e4 c5 2. Nf3 d6 3. d4 cxd4 4. Nxd4 Nf6 5. Nc3 Nc6 6. Bc4 e6 7. 0-0 a6 8. Be3 Qc7 9. Bb3 Na5 10. Qe2 b5 11. a3 Bb7 12. f3 Nxb3 13. cxb3 Be7 14. Rac1 Qd7 15. Rfd1 0-0 16. e5 Nd5 17. exd6 Bxd6 18. Nxd5 Bxd5 19. b4 Rac8 20. Qd3 Bb8 21. Bf2 Bf4 22. Rc5 Bd6 23. Rc3 Rxc3 24. Qxc3 Rc8 25. Qd3 h6 26. h3 Bb8 27. Nb3 Qc7 28. Nc5 Qh2+ 29. Kf1 Bc4 30. Qxc4 bxc4 31. Nxa6 Qh1+ 32. Bg1 Ba7 33. Nc5 Rxc5 34. Rd8+ Kh7 35. Rd7 0-1